| 000 | 00775nam a22002055i 4500 | ||
|---|---|---|---|
| 001 | 158873 | ||
| 003 | ES-MaACL | ||
| 005 | 20250826070418.0 | ||
| 008 | 981126s1876 sp |||| | spa d | ||
| 040 |
_aCCPB | B _bspa _cCCPB | B |
||
| 100 | 1 |
_aMartín, Melitón. _977355 |
|
| 245 | 1 | 0 |
_aCarta que puede servir de prólogo a la cartilla del trabajo / _cpor Meliton Martin. |
| 260 |
_aMadrid : _b[s.n.], _c1876 ( _fImprenta de Don Juan Aguado) |
||
| 300 |
_a13 p. ; _c21 cm. |
||
| 530 | _aDisponible en formato digital. | ||
| 650 | 0 | 4 |
_aTrabajo- _xFilosofía _917595 |
| 852 |
_aES-MaACL _jF-13525(1) _z-- Enc. hol. _z-- Enc. en un vol. facticio |
||
| 856 |
_uhttp://bdh-rd.bne.es/viewer.vm?id=0000085929&page=1 _zBiblioteca Digital Hispánica |
||
| 999 |
_c158873 _d158873 |
||